000 00378nam a2200145Ia 4500
008 151213s9999 xx 000 0 und d
100 _aDouglas V. Hall
245 _aMicroprocessors and Interfacing
_cDouglas V. Hall
260 _aNew Delhi
_bTata Mc Graw Hill
_c1992
300 _a8591 p.
650 _aE.E.E.
650 _ascience
700 _aDouglas V. Hall
999 _c4395
_d4395